Vývoj softvérových systémov s využitím návrhových vzorov

Uložené v:
Podrobná bibliografia
Hlavný autor: Štajer, Andrej, 1991- (Autor)
Ďalší autori: Kajsa, Peter, 1985- (Vedúci práce)
Médium: Rukopis Kniha
Jazyk:Slovak
Vydavateľské údaje: Bratislava : STU v Bratislave FIIT, 2013
Predmet:
On-line prístup:VAIS
Tagy: Pridať tag
Žiadne tagy, Buďte prvý, kto otaguje tento záznam!

MARC

LEADER 00000ntm a22000003a 4500
001 stu275794
005 20150617230239.8
008 131005s2013----xo------------------slo-d
040 |a STU  |b slo 
041 0 |a slo 
044 |a xo 
100 1 |a Štajer, Andrej,  |d 1991-  |4 aut  |u I200  |U FIIT Fakulta informatiky a informačných technológií  |T FIIT Ústav informatiky a softvérového inžinierstva  |X 5764  |U I200  |Y 179  |7 A000005764 
242 0 0 |a Development of software systems with use of design patterns  |y eng 
245 1 |a Vývoj softvérových systémov s využitím návrhových vzorov 
260 |a Bratislava :  |b STU v Bratislave FIIT,  |c 2013 
300 |a 46 s  |c príl. 
650 7 |a informatika  |2 stusub 
650 7 |a Informatics  |2 estusub 
650 7 |a design pattern  |2 estusub 
650 7 |a návrhový vzor  |2 stusub 
700 1 |a Kajsa, Peter,  |d 1985-  |4 ths  |u I200  |U FIIT Fakulta informatiky a informačných technológií  |T FIIT Ústav informatiky a softvérového inžinierstva  |X 20489  |U I200  |Y 179  |7 A000020489 
856 4 |a info a plný text  |u http://is.stuba.sk/zp/portal_zp.pl?podrobnosti=77768  |3 VAIS 
996 |b IBAP64/13  |c I*BAP64/13  |l II680  |s A  |a 24  |w stu275794_0001